000 00269nam a2200133Ia 4500
100 _aLippman S.B.
942 _cBK
654 _aC++
245 _aC++ Primer
260 _bAddison Wesly
_aNew York
_c1991
082 _a005.13 'C++'
546 _aENGLISH
999 _c23397
_d23397